01772nam a22001817a 450000500170000000800410001704000080005810000240006624500890009026000350017949000450021450011040025965000670136385600320143094200210146299900190148395200880150220241014160941.0241014b |||||||| |||| 00| 0 eng d cLDD aVolpe, Donna et al. aReimagining Preservice Experiences for Aspiring Latino Teachers in the United States aNew York:Taylor & Francis,2024 aAction in Teacher Education,46(2),97-113 aThis study examines the significance of the world views and life experiences of preservice Latino teachers in the United States as they uncover their untapped potential to address the social, cultural, and political needs of a racially and ethnically diverse student population. Using a qualitative approach that includes in-depth individual interviews, we explore the relationships, goals, and insights of five Latino men studying teacher education. Specifically, we investigate their experiences, costs, and barriers as they constructed their biographies and developed pedagogical knowledge as burgeoning teachers. The participants share their relationships, commitments, and responsibilities in and out of school. They also spoke of multiple barriers that prevented them from entering the profession, including credentialing, low expectations for learning, and financial and familial obligations, among other concerns. Results are discussed with recommendations for reimagining teacher education programs in the United States to better support young men of color entering the teaching profession. aPreservice, teachers of color, Hispanic male teacher education yclick here to online access 2ddccARTICLESn0 c174698d174698 r2024-10-14 16:09:59l0w2024-10-14yARTICLES102ddc407000aLDDbLDDd2024-10-14